<?xml version="1.0" encoding="UTF-8"?>
<collection xmlns="http://www.loc.gov/MARC21/slim">
  <record>
    <leader>00000nam  2200000   4500</leader>
    <controlfield tag="001">INLIS000000000002097</controlfield>
    <controlfield tag="005">20180724144116</controlfield>
    <controlfield tag="008">180724|||||||||   |   |||   |||| ||   | </controlfield>
    <datafield tag="035" ind1=" " ind2=" ">
      <subfield code="0">010-0718002097</subfield>
    </datafield>
    <datafield tag="041" ind1=" " ind2=" ">
      <subfield code="a">id</subfield>
    </datafield>
    <datafield tag="082" ind1=" " ind2=" ">
      <subfield code="a">R. 011 PIM I 2016</subfield>
    </datafield>
    <datafield tag="090" ind1=" " ind2=" ">
      <subfield code="a">R. 011 PIM I 2016</subfield>
    </datafield>
    <datafield tag="100" ind1=" " ind2=" ">
      <subfield code="a">Situmorang, Sudung</subfield>
    </datafield>
    <datafield tag="245" ind1=" " ind2=" ">
      <subfield code="a">Optimalisasi Tim Pengawal Dan Pengaman Pemerintah Dan Pembangunan (TP4) Dalam Pemberantasan Tindak Pidana Korupsi</subfield>
    </datafield>
    <datafield tag="260" ind1=" " ind2=" ">
      <subfield code="a">Jakarta</subfield>
      <subfield code="b">LAN Jakarta</subfield>
      <subfield code="c">2016</subfield>
    </datafield>
    <datafield tag="300" ind1=" " ind2=" ">
      <subfield code="a">65 hlm:, lamp:, 30 cm</subfield>
    </datafield>
    <datafield tag="500" ind1=" " ind2=" ">
      <subfield code="a">Implementasi sistem pencegahan tindak pidana korupsi yang dilakukan dalam proyek perubahan ini adalah dengan mengoptimalkan Tim Pengawal dan Pengaman Pemerintahan dan Pembangunan (TP4) di wilayah hukum Kejaksaan Tinggi DKI Jakarta. Output yang ingin diharapkan dalam Proyek Perubahan ini adalah tercapainya optimalisasi pemberantasan tindak pidana korupsi khususnya di wilayah hukum Kejaksaan Tinggi DKI Jakarta.</subfield>
    </datafield>
    <datafield tag="650" ind1=" " ind2=" ">
      <subfield code="a">Pengaman Pemerintah</subfield>
    </datafield>
  </record>
</collection>
